LIBRARY ONLINE CATALOGUE

Sukuma law and custom. (Record no. 12662)

MARC details
000 -LEADER
fixed length control field 00526cam a22001932 4500
001 - CONTROL NUMBER
control field 0000001885
005 - DATE AND TIME OF LATEST TRANSACTION
control field 20151217155814.0
008 - FIXED-LENGTH DATA ELEMENTS--GENERAL INFORMATION
fixed length control field 070328s xx 000 0 eng d
040 ## - CATALOGING SOURCE
Original cataloging agency KABU
Transcribing agency KABU
050 #0 - LIBRARY OF CONGRESS CALL NUMBER
Classification number DT443.3
Item number .S86C67
100 1# - MAIN ENTRY--PERSONAL NAME
Personal name Cory, Hans.
-- 0000150960
245 10 - TITLE STATEMENT
Title Sukuma law and custom.
260 ## - PUBLICATION, DISTRIBUTION, ETC. (IMPRINT)
Place of publication, distribution, etc. London :
Name of publisher, distributor, etc. OUP,
Date of publication, distribution, etc. 1953.
300 ## - PHYSICAL DESCRIPTION
Extent xxiii, 194 p.
600 10 - SUBJECT ADDED ENTRY--PERSONAL NAME
Personal name Sukuma (African people)
-- 0000150961
908 ## - PUT COMMAND PARAMETER (RLIN)
Put command parameter 070328
950 ## - LOCAL HOLDINGS (RLIN)
-- 1
Holdings
Withdrawn status Lost status Source of classification or shelving scheme Not for loan Home library Current library Date acquired Total Checkouts Full call number Barcode Date last seen Price effective from Koha item type
    Library of Congress Classification   Kabarak, Main Campus Kabarak, Main Campus 17/12/2015   DT443.3 .S86C67 001798 17/12/2015 17/12/2015 Africana Collection